| 000 | 00595nam a2200181Ia 4500 | ||
|---|---|---|---|
| 008 | 090123s9999 xx 000 0 und d | ||
| 082 |
_b10544 _a891.463/तिबिले |
||
| 100 | _aतिबिले अनंत दत्तत्रय | ||
| 245 | _aसौदा | ||
| 250 | _a1 | ||
| 260 |
_bप्रशांत पब्लिकेशन _c1986 |
||
| 300 | _a176 | ||
| 600 | _aतिबिले अनंत दत्तत्रय | ||
| 630 | _aसौदा | ||
| 700 | _aतिबिले अनंत दत्तत्रय | ||
| 730 | _aसौदा | ||
| 942 | _cBOOK | ||
| 999 |
_c48610 _d48610 |
||